00640nam a2200217Ia 4500003000400000005001700004008004100021020002200062040000700084041000800091082002200099100002800121245001400149260004000163300001200203365001300215906001400228942001200242999001900254952014900273OSt20230429103932.0210423s2012 xx 000 0 und d a978-0-330-52033-1 cAL aeng a813.54 223bBANF aBALDACCI (David)995039 aForgotten aLondonbMacmillan and Companyc2012 a595bPB b399cINR aForgotten 2ddccBK c170447d170447 001040708GENaSACPGbSACPGd2020-01-22eBiblios Book Pointg399.00l3o813.54 BANFpPG016949r2025-03-10 00:00:00s2025-02-19w2021-04-26yBK